000 01922cam a2200397 a 4500
999 _c11118
_d11118
001 16435531
003 OSt
005 20191226145518.0
008 100827s2010 ii a bs 100 0 eng
010 _a 2010327434
020 _a9780198064664
020 _a0198064667
025 _aI-E-2010-327434; 85-92
037 _bLibrary of Congress -- New Delhi Overseas Office
040 _aDLC
_coclc
_dDLC
042 _alcode
_apcc
043 _aa-ii---
050 0 0 _aHD2073
_b.A388 2010
082 _a338.1854
_bBAN/A
245 0 0 _aAgriculture, Food security, and Rural Development /
_c Asian Development Bank.
260 _aNew Delhi :
_bOxford University Press,
_c2010.
300 _a345 p. :
520 _aContributed articles presented at the inception meeting of Economic Division in the Department of Economic Affairs, Ministry of Finance in collaboration with Asian Development Bank in New Delhi on 2-3 September 2003 on agricultural policy programmes in India supported by ADB furthered through various decentralized institutions all over India.
650 0 _aAgriculture and state
_zIndia
_vCongresses.
650 0 _aAgriculture
_xEconomic aspects
_zIndia
_vCongresses.
650 0 _aFood security
_zIndia
_vCongresses.
650 0 _aRural development
_zIndia
_vCongresses.
710 2 _aAsian Development Bank.
710 1 _aIndia.
_bDepartment of Economic Affairs.
_bEconomic Division.
856 4 2 _3Contributor biographical information
_uhttp://www.loc.gov/catdir/enhancements/fy1102/2010327434-b.html
856 4 2 _3Publisher description
_uhttp://www.loc.gov/catdir/enhancements/fy1102/2010327434-d.html
856 4 1 _3Table of contents only
_uhttp://www.loc.gov/catdir/enhancements/fy1102/2010327434-t.html
906 _a7
_bcbc
_corigode
_d3
_encip
_f20
_gy-gencatlg
942 _2ddc
_cBK
_h338.1854
_iBAN/A
_k338.1854
_mBAN/A